[Event "SVK-ch U12 Girls"]
[Site "Liptovsky Mikulas"]
[Date "2017.04.25"]
[Round "6"]
[White "Urbanova, Tatiana"]
[Black "Carnecka, Stella"]
[Result "0-1"]
[WhiteElo "1161"]
[BlackElo "1254"]
[PlyCount "100"]
[EventDate "2017.04.22"]
[EventType "swiss"]
[EventRounds "9"]
[EventCountry "SVK"]
[SourceTitle "CBM 178 Extra"]
[Source "ChessBase"]
[SourceDate "2017.06.22"]
[SourceVersion "1"]
[SourceVersionDate "2017.06.22"]
[SourceQuality "1"]

1. e4 e5 2. Nf3 Nc6 3. Nc3 Nf6 4. Bb5 d6 5. 0-0 a6 6. Bxc6+ bxc6 7. d3 Be7 8. Be3 Bg4 9. Qe2 d5 10. exd5 cxd5 11. d4 e4 12. Rfd1 exf3 13. gxf3 Bf5 14. Kf1 0-0 15. Bf4 Re8 16. Re1 Bd6 17. Qd2 Bb4 18. a3 Bh3+ 19. Kg1 Bxc3 20. bxc3 c6 21. Bg5 Qd6 22. Qf4 Qxf4 23. Bxf4 h6 24. Be5 Nd7 25. Bd6 Bf5 26. Rxe8+ Rxe8 27. Rc1 Re6 28. Bg3 Re2 29. Kf1 Rxc2 30. Rxc2 Bxc2 31. Ke2 c5 32. dxc5 Nxc5 33. Kd2 Bg6 34. Bd6 Nb7 35. Be5 f6 36. Bd4 Kf7 37. Ke3 Ke6 38. f4 Kf5 39. Kf3 Bh5+ 40. Kg3 g5 41. fxg5 fxg5 42. h4 Nd6 43. hxg5 hxg5 44. f3 Nb5 45. Be3 Nxa3 46. f4 gxf4+ 47. Bxf4 Nb5 48. Bd2 Ke4 49. Kf2 Kd3 50. Ke1 Nxc3 0-1

[Event "SVK-ch U12 Girls"]
[Site "Liptovsky Mikulas"]
[Date "2017.04.25"]
[Round "5"]
[White "Urbanova, Tatiana"]
[Black "Stolarova, Paulina"]
[Result "1-0"]
[WhiteElo "1161"]
[BlackElo "1000"]
[PlyCount "91"]
[EventDate "2017.04.22"]
[EventType "swiss"]
[EventRounds "9"]
[EventCountry "SVK"]
[SourceTitle "CBM 178 Extra"]
[Source "ChessBase"]
[SourceDate "2017.06.22"]
[SourceVersion "1"]
[SourceVersionDate "2017.06.22"]
[SourceQuality "1"]

1. e4 e5 2. Nf3 Nc6 3. Nc3 Nf6 4. Bb5 a6 5. Bxc6 bxc6 6. Nxe5 Qe7 7. d4 d6 8. Nxc6 Qd7 9. d5 Bb7 10. Nd4 Qe7 11. Qd3 c5 12. Nf3 a5 13. Bg5 Ba6 14. Qe3 h6 15. Bxf6 Qxf6 16. 0-0-0 Qd8 17. Rhe1 Be7 18. e5 dxe5 19. Qxe5 0-0 20. Qxe7 Qxe7 21. Rxe7 Rfe8 22. Rxe8+ Rxe8 23. d6 Bc8 24. d7 Bxd7 25. Rxd7 Rf8 26. Rc7 Rd8 27. Rxc5 Ra8 28. a4 f6 29. Rc4 g5 30. h3 Kg7 31. g4 Kg6 32. b4 axb4 33. Rxb4 Rh8 34. a5 Rf8 35. a6 f5 36. Ne5+ Kh7 37. a7 fxg4 38. hxg4 h5 39. gxh5 Kh6 40. Ra4 Ra8 41. Nb5 Kxh5 42. Nc7 Rf8 43. a8Q Rf6 44. Qh8+ Rh6 45. Qe8+ Rg6 46. Qxg6# 1-0

[Event "SVK-ch U12 Girls"]
[Site "Liptovsky Mikulas"]
[Date "2017.04.22"]
[Round "1"]
[White "Bajzova, Livia"]
[Black "Urbanova, Tatiana"]
[Result "1-0"]
[WhiteElo "1651"]
[BlackElo "1161"]
[PlyCount "99"]
[EventDate "2017.04.22"]
[EventType "swiss"]
[EventRounds "9"]
[EventCountry "SVK"]
[SourceTitle "CBM 178 Extra"]
[Source "ChessBase"]
[SourceDate "2017.06.22"]
[SourceVersion "1"]
[SourceVersionDate "2017.06.22"]
[SourceQuality "1"]

1. e4 e5 2. Nf3 Nc6 3. Bb5 d6 4. h3 Nf6 5. Nc3 Be7 6. d3 0-0 7. 0-0 Be6 8. Be3 Nd4 9. Nxd4 exd4 10. Bxd4 c6 11. Ba4 Qd7 12. Qf3 Qd8 13. Bb3 Bxb3 14. axb3 c5 15. Be3 h6 16. Qg3 Qd7 17. Bxh6 Nh5 18. Qf3 Nf6 19. Be3 Rfd8 20. Rad1 d5 21. d4 dxe4 22. Nxe4 Nxe4 23. Qxe4 Qc7 24. Bf4 Bd6 25. Bxd6 Qxd6 26. c3 Re8 27. dxc5 Qxc5 28. Qxb7 Rab8 29. Qd7 Rf8 30. b4 Qb6 31. Rfe1 Rbd8 32. Qg4 Rxd1 33. Rxd1 a5 34. b3 axb4 35. Qxb4 Qc7 36. c4 Rb8 37. Qa4 Qc5 38. Re1 Qb6 39. Re8+ Rxe8 40. Qxe8+ Kh7 41. Qxf7 Qxb3 42. Qc7 Qd1+ 43. Kh2 Qf1 44. Kg3 Qd3+ 45. Kg4 Kh6 46. Qc6+ g6 47. h4 Qf5+ 48. Kg3 Kh5 49. Qd5 Qxd5 50. cxd5 1-0

[Event "SVK-ch U10 Girls"]
[Site "Liptovsky Mikulas"]
[Date "2016.04.18"]
[Round "4"]
[White "Kovarikova, Maria"]
[Black "Urbanova, Tatiana"]
[Result "1-0"]
[WhiteElo "1000"]
[BlackElo "1000"]
[PlyCount "81"]
[EventDate "2016.04.16"]
[EventType "swiss"]
[EventRounds "9"]
[EventCountry "SVK"]
[SourceTitle "CBM 172 Extra"]
[Source "ChessBase"]
[SourceDate "2016.06.21"]
[SourceVersion "1"]
[SourceVersionDate "2016.06.21"]
[SourceQuality "1"]

1. e4 e5 2. Nf3 d6 3. Nc3 Nf6 4. d4 Qe7 5. Bg5 Bd7 6. Bxf6 Qxf6 7. Nd5 Qg6 8. Nxc7+ Kd8 9. Nxa8 Qxe4+ 10. Be2 Qc6 11. Ng5 Be6 12. Nxe6+ fxe6 13. Bf3 e4 14. Bg4 d5 15. 0-0 b6 16. f3 Qxa8 17. fxe4 dxe4 18. Bxe6 Qc6 19. d5 Bc5+ 20. Kh1 Qd6 21. Rf7 Qe5 22. Qg4 Bd6 23. g3 g6 24. Re1 h5 25. Qxe4 Qxe4+ 26. Rxe4 Re8 27. Rc4 Bc5 28. b4 b5 29. Rxc5 Rxe6 30. Rc8+ Kxc8 31. dxe6 Nc6 32. Rd7 Nb8 33. Rd2 Nc6 34. Kg2 a6 35. Kf3 Kc7 36. Kf4 Kc8 37. Kg5 Ne5 38. Kf6 Nc6 39. e7 Nxe7 40. Kxe7 Kb7 41. Kf6 1-0